Najlepsi zawodnicy Laliga FIFA 23 - Statystyki

Ogólne statystyki
  • Ten quiz został rozwiązany 808 razy
  • Średni wynik to 8 z 12
Statystyki odpowiedzi
Podpowiedź Odpowiedź % Poprawnych
91 Ovr Lewandowski
95%
91 Ovr Benzema
93%
88 Ovr Modrić
77%
88 Ovr Ter stegen
76%
90 Ovr Courtois
69%
88 Ovr Kroos
67%
89 Ovr Oblak
56%
87 Ovr De Jong
51%
86 Ovr Vinicius Jr
50%
86 Ovr Alaba
44%
87 Ovr Rudiger
44%
86 Ovr Parejo
37%
Nie znaleziono quizów pasujących do podanych kryteriów
Rozkład punktacji
Procent ludzi z każdym wynikiem
Percentyl według liczby udzielonych odpowiedzi
Twoja historia wyników
Nie rozwiązałeś tego quizu